000 00899cam a22001934a 4500
005 20250605164206.0
008 250528s ||||||||||||||||||||||||d
035 _a19934
040 _aGR-AtMCL
_bgre
_dGR-AtMCL
_eAACR2
245 1 _aΑνάλυση Fourier
260 _bVarmar Publications,
_c1993
300 _a464
520 _aΠρόλογος, Σειρές Fourier, Ολοκληρώματα και Μετασχηματισμοί Fourier, Διακριτός και Ταχύς Μετασχηματισμός Fourier, Θεωρία Κατανομών, Γενικευμένα Ολοκληρώματα που Εξαρτώνται από μία Παράμετρο, Υλοποίηση του FFT, Βιβλιογραφία, Ευρετήριο Όρων.
700 1 _aΣαπουνάκης Α
_96089
700 1 _aΤσικούρας Π
_96090
942 _cBK
999 _c5174
_d5174